| 000 | nam a22 a 4500 | ||
|---|---|---|---|
| 999 |
_c193852 _d193852 |
||
| 003 | BLK | ||
| 005 | 20201013131515.0 | ||
| 008 | 180411b bul|||||r ||||||| ||bul|| | ||
| 010 | _aKNG00203074000 | ||
| 040 | _aBLK | ||
| 041 |
_aBUL _cBUL |
||
| 072 | 7 |
_2bullib _aА _xФонд Михаил Арнаудов |
|
| 080 |
_aБългарски език _b811.163.2 _x(038) _z811.163.2(038) |
||
| 139 |
_aГеров, Найден _bГ 41 |
||
| 245 | 1 | 0 |
_aРечник на българский язик _bС тълкувание речите на български и руски : Ч. 1 - 5 _cсъбр. и наредил Найден Геров; наредил и изтълкувал Тодор Панчев. _pДопълнение на Българския речник от Н. Геров |
| 257 | _aBGR | ||
| 260 |
_c1895 - _fПловдив : друж. печ. Съгласие _fЗа том: Пловдив : Труд _aПловдив |
||
| 300 | _c27 см | ||
| 380 | _a80 | ||
| 490 |
_9396381 _aЧастна колекция - Академик Михаил Арнаудов _gДарение - Основен фонд |
||
| 490 |
_9435080 _aКолекция Редки и ценни издания |
||
| 500 | _aПълното име на авт. е Найден Геров Хаджиберович | ||
| 650 | 4 |
_aБългарски език - речници _9243548 |
|
| 659 | _aА | ||
| 700 | 1 |
_aГеров, Найден _eсъбр. и наредил _9373791 |
|
| 700 | 1 |
_aПанчев, Тодор _eнаредил и изтълкувал _9385242 |
|
| 760 | 1 |
_dПловдив, 1908 _hVІІІ, 336 с. _nИзд. на наследниците на Н. Геров. - Фонд Михаил Арнаудов - подпис на Михаил Арнаудов. - Твърда подв., неразрязана _t Допълнение на Българския речник от Н. Геров |
|
| 852 |
_aРб 1895 _bРц |
||
| 852 | _aМА 1524 | ||
| 856 | 4 | _qpdf | |
| 856 | 4 | _qpdf | |
| 942 |
_cKNG _n0 _s1 |
||
| 944 |
_aCR _c15.03.2017 _kГеновева_Генчева |
||
| 944 |
_aED _c30.03.2017 _kПенка_Димитрова |
||
| 999 | _d193852 | ||
| 999 | _d193852 | ||